| 000 | 00423nam a22001577a 4500 | ||
|---|---|---|---|
| 020 | _a978-81-8477-236-4 | ||
| 082 |
_a823 _bCAR/S |
||
| 100 | _aCARMAN'S , PATRICK | ||
| 245 |
_aSKELETON CREEK _bSHORT STORY- ADVENTOROUS |
||
| 246 |
_aSKELETON CREEK _bSHORT STORY- ADVENTOROUS |
||
| 260 |
_bSCHOLASTIC PRESS _c2009 |
||
| 300 | _a185 | ||
| 520 | _aADVENTOROUS SHORT STORY | ||
| 650 | _aADVENTOROUS SHORT STORY | ||
| 942 | _cBK | ||
| 999 |
_c2132 _d2132 |
||